000 00363cam a2200145ua 4500
041 _aeng
_h
082 _a595.701
_bWIG/IN
100 _aWigglesworth, V B .
245 _aInsect Physiology /
_cV B Wigglesworth.
_hTextual Documents
260 _aLondon :
_bMethuen and Co. Ltd ,
_c1961.
300 _a130 ; .
504 _a
942 _cBK
999 _c1113
_d1113